000 00373 a2200157 4500
001 75191
020 _a9788541804837
040 _cAnchieta - Colégio São Paulo
100 _aChabas, Jean- François
240 1 0 _aA felicidade aprisionada
_lpor
245 1 0 _aA felicidade aprisionada
300 _a29
362 0 _a2014
650 4 _aLiteratura infantil
942 _cBK
999 _c75191
_d75191